000 00390nam a2200157Ia 4500
005 20251020182612.0
008 200515s9999 xx 000 0 und d
082 _aSC/674.2/I59-FP
110 _aInstituto Nacional de Aprendizaje
245 0 _aCarpintería : formación producción
260 _aSan José
260 _cs.a.
650 _aCARPINTERIA
650 _aPUB INA
942 _cLIB
999 _c3365
_d3365